[Event "Kurnosov Memorial Rapid 2018"]
[Site "Chelyabinsk"]
[Date "2018.09.09"]
[Round "11"]
[White "Lysyj, Igor"]
[Black "Yakovich, Yuri"]
[Result "1-0"]
[WhiteElo "2644"]
[BlackElo "2502"]
[Annotator "TA"]
[PlyCount "99"]
[EventDate "2018.09.07"]
[EventType "swiss"]
[EventCountry "RUS"]
[SourceTitle "playchess.com"]
[Source "ChessBase"]
[SourceQuality "1"]

{[%evp 24,99,64,47,52,60,61,45,93,87,95,85,109,112,107,103,109,108,112,103,111,100,102,100,105,105,139,132,133,135,133,121,142,137,131,85,109,120,157,164,157,145,142,150,229,238,243,240,413,413,400,389,413,406,395,387,371,364,488,451,482,478,554,529,410,500,554,539,574,576,1083,810,1130,1110,1108,1076,991,980]} 1. d4 d5 2. c4 dxc4 3. e3 e6 4. Bxc4 c5 5. Nf3 Nf6 6. O-O Nc6 7. a3 cxd4 8. exd4 Be7 9. Nc3 O-O 10. Re1 b6 11. Bf4 Bb7 12. Ba2 Rc8 13. Qd3 $1 {LiveBook: 5 Games} Nd5 {D26: Queen's Gambit Accepted: 4 e3 e6 5 Bxc5 c5 sidelines} (13... Bd6 14. Bg5 Ne7 15. Rad1 Ned5 16. Nxd5 Bxd5 17. Bxd5 exd5 18. Qb3 h6 19. Bxf6 Qxf6 20. Qxd5 Rc2 21. Qb3 {1-0 (57) Moranda,W (2560)-Mammadov,Z (2442) Legnica 2013}) 14. Nxd5 exd5 15. Rad1 $146 ({Predecessor:} 15. Rac1 Bf6 16. b4 Ne7 17. Be5 Ng6 18. Rxc8 Qxc8 19. Bxf6 gxf6 20. Qe3 Qd7 21. Bb1 {0-1 (60) Sevostianov,V (2349)-Bespalov,A (2290) Novosibirsk 2002}) 15... Bf6 {White is slightly better.} 16. Ne5 g6 17. Qf3 Nxe5 18. dxe5 Bg7 19. Bxd5 Bxd5 20. Rxd5 Qe7 21. Bd2 Rfd8 22. Bc3 Rxd5 23. Qxd5 Rd8 24. Qc4 Qe6 25. Qc7 Qd7 26. Qxd7 Rxd7 $16 {[%mdl 4096] Endgame KRB-KRB} 27. g4 Bh6 28. Kg2 Kf8 29. h4 Ke8 30. e6 fxe6 31. Rxe6+ Kf7 32. Rf6+ Ke7 33. Rc6 {[#] aiming for g5.} Bf4 (33... Kf7 $16 34. f4 Bg7 35. Bxg7 Kxg7) 34. Kf3 $18 Bd6 35. Ke4 Rd8 $2 (35... Rb7 {was necessary.} 36. h5 gxh5) 36. Be5 Bxe5 37. Kxe5 {KR-KR} Rd7 38. f4 Kf7 39. b4 Re7+ 40. Kd5 Rd7+ 41. Rd6 Rc7 42. a4 Ke7 43. Rc6 Rd7+ 44. Ke5 Kf7 {White is clearly winning.} 45. a5 bxa5 46. bxa5 {[%cal Bb4a5,Ba5a6][%mdl 32]} Rb7 47. a6 Rb5+ 48. Kd6 Kf6 49. Kd7+ Kf7 50. Rc7 {Precision: White = 84%, Black = 28%.} 1-0

[Event "Kurnosov Memorial Rapid 2018"]
[Site "Chelyabinsk"]
[Date "2018.09.09"]
[Round "11"]
[White "Bocharov, Ivan"]
[Black "Volkov, Sergey"]
[Result "1/2-1/2"]
[WhiteElo "2625"]
[BlackElo "2603"]
[Annotator "TA"]
[PlyCount "94"]
[EventDate "2018.09.07"]
[EventType "swiss"]
[EventCountry "RUS"]
[SourceTitle "playchess.com"]
[Source "ChessBase"]
[SourceQuality "1"]

{[%evp 28,94,9,0,0,0,0,0,18,25,18,0,0,0,20,20,20,18,18,13,21,14,25,32,130,149,138,128,125,6,7,5,7,0,2,2,7,0,0,0,0,0,0,0,0,0,3,8,10,0,0,0,0,0,0,0,0,0,0,0,0,0,0,0,0,0,0,-10,0]} 1. e4 e6 2. d4 d5 3. Nd2 Nf6 4. e5 Nfd7 5. Bd3 c5 6. c3 Nc6 7. Ne2 cxd4 8. cxd4 f6 9. exf6 Nxf6 10. Nf3 Bd6 11. Bf4 Qa5+ 12. Qd2 {C06: Französische Verteidigung (Tarrasch-Variante)} Qxd2+ 13. Kxd2 Bxf4+ 14. Nxf4 O-O 15. Ne2 {LiveBook: 5 Partien} Ng4 16. Rhf1 e5 17. dxe5 Ngxe5 18. Nxe5 Nxe5 {[#]} 19. Rac1 $146 ({Vorgänger:} 19. Rae1 Nxd3 20. Kxd3 {½-½ (35) Obolenskikh,D (2540)-Volkov,S (2612) Pavlodar 2015}) 19... Bd7 20. f3 Nxd3 21. Kxd3 Bb5+ 22. Kd2 Bxe2 23. Kxe2 $11 {[%mdl 4096] Endspiel KTT-KTT} Rac8 24. Kd3 Kf7 25. Rfe1 Rxc1 (25... Kf6 $14) 26. Rxc1 $14 {KT-KT} Ke6 27. Rc7 Rf7 28. Rc8 ({Weiss braucht} 28. Rxf7 $16 Kxf7 29. f4) 28... Kd6 $11 {Die Stellung ist ausgeglichen.} 29. Rg8 a5 30. Kd4 Rf4+ 31. Ke3 Rf7 32. f4 g6 33. g3 Re7+ 34. Kd3 b5 35. Rd8+ Kc5 36. Rc8+ Kd6 37. b3 Re1 38. Rh8 Rd1+ 39. Ke3 d4+ 40. Ke4 Kc5 41. Rxh7 Rd2 42. a3 Re2+ 43. Kd3 Re3+ 44. Kc2 Re2+ 45. Kd3 Re3+ 46. Kc2 Re2+ 47. Kc1 Kd5 {Precision: Weiß = 58%, Schwarz = 72%.} 1/2-1/2

[Event "Kurnosov Memorial Rapid 2018"]
[Site "Chelyabinsk"]
[Date "2018.09.09"]
[Round "11"]
[White "Morozevich, Alexander"]
[Black "Chigaev, Maksim"]
[Result "1/2-1/2"]
[WhiteElo "2614"]
[BlackElo "2678"]
[Annotator "TA"]
[PlyCount "32"]
[EventDate "2018.09.07"]
[EventType "swiss"]
[EventCountry "RUS"]
[SourceTitle "playchess.com"]
[Source "ChessBase"]
[SourceQuality "1"]

{[%evp 14,15,14,0]} 1. e4 c5 2. Nf3 e6 3. g3 Nc6 4. Bg2 Nf6 5. d3 d6 6. O-O Be7 7. c3 O-O 8. Nbd2 {LiveBook: 51 Partien} {Vorgänger:} Rb8 $146 9. d4 cxd4 10. cxd4 d5 11. e5 Ne4 12. Nb3 a5 13. Be3 a4 14. Nbd2 Nxd2 15. Qxd2 Na5 16. Bf4 Qb6 {0-1 (33) Malakhov,V (2694)-Gajewski,G (2654) Berlin 2015} 1/2-1/2

[Event "Kurnosov Memorial Rapid 2018"]
[Site "Chelyabinsk"]
[Date "2018.09.09"]
[Round "11"]
[White "Kryakvin, Dmitry"]
[Black "Drygalov, Sergey"]
[Result "0-1"]
[WhiteElo "2589"]
[BlackElo "2440"]
[Annotator "TA"]
[PlyCount "86"]
[EventDate "2018.09.07"]
[EventType "swiss"]
[EventCountry "RUS"]
[SourceTitle "playchess.com"]
[Source "ChessBase"]
[SourceQuality "1"]

{[%evp 16,86,28,15,44,68,50,50,67,29,37,33,54,49,64,28,56,43,52,53,83,78,101,43,35,0,0,0,19,11,4,3,28,28,26,0,25,21,66,0,0,0,0,-61,-56,-199,-237,-229,-184,-339,-329,-299,-330,-299,-306,-291,-291,-291,-291,-290,-291,-330,-314,-658,-736,-780,-692,-29978,-29979,-2485,-1234,-1150,-883]} 1. d4 Nf6 2. Bg5 d5 3. e3 e6 4. Bd3 c5 5. c3 Nc6 6. Nf3 Bd6 7. Nbd2 cxd4 8. exd4 h6 9. Bh4 {LiveBook: 7 Games} g5 {D03: 1 d4 d5 2 Nf3 Nf6 3 Bg5, including Torre Attack with early ...d5} 10. Bg3 Nh5 11. Bxd6 Qxd6 {White is slightly better.} 12. O-O $146 ({Predecessor:} 12. g3 Ng7 13. Qe2 f6 14. Bg6+ Kd8 15. O-O-O Kc7 16. Nb3 Ne7 17. Bc2 {1-0 (37) Stamenkovic,D (2412)-Cunha,L (2315) Florianopolis 2016}) 12... Nf4 13. Bb5 Bd7 14. Nb3 a6 15. Bd3 (15. Bxc6 $5 Bxc6 16. a4 $14) 15... h5 16. Nc5 (16. Nxg5 Rg8 $15) 16... g4 17. Nh4 Nxd3 18. Qxd3 Ne7 {Threatening ...Bb5.} 19. Nxd7 (19. Nxb7 $16 Qb6 20. Nc5) 19... Qxd7 20. f4 f5 $1 21. Rae1 O-O-O 22. Re3 {And now Rfe1 would win.} Rh6 23. Rfe1 {Threatens to win with Qe2.} Rf8 24. b3 Kb8 25. g3 Nc8 {[%cal Be7c8,Bc8d6,Bd6e4][%mdl 32]} 26. c4 Nd6 27. cxd5 (27. c5 $1 $14 Ne4 28. R3e2) 27... exd5 $11 28. Re7 Qc6 29. Qe3 ({Better is} 29. R7e5 $11) 29... Ne4 $15 30. Rc1 (30. Qd3 $15) 30... Qb6 $1 $19 31. Re5 {[#]} Rc6 $1 {[%cal Rc6c1]} 32. Rxc6 $2 (32. Rxd5 Rfc8 $11) (32. Nxf5 {might work better.} Rxc1+ 33. Qxc1) 32... Qxc6 33. Nxf5 Qc2 34. Ne7 ({And not} 34. Qe1 Qxa2 35. Ne7 (35. Rxd5 Nd2 $15) 35... Rd8 $15) 34... Qb1+ 35. Kg2 Qxa2+ 36. Kg1 Qb1+ 37. Kg2 Qc2+ 38. Kg1 Nd2 39. Nc6+ $2 {[#]} (39. Qf2 h4 40. Kg2) 39... Kc7 $1 ({Inferior is} 39... bxc6 40. Re8+ Rxe8 41. Qxe8+ Kc7 42. Qe7+ Kb6 43. Qb4+ Ka7 44. Qe7+ Kb6 45. Qb4+ Ka7 46. Qe7+ Kb6 $11) 40. Re7+ Kb6 41. Rxb7+ Kxb7 42. Na5+ Ka8 {( -> ...Qd1+)} 43. Qe2 Kb8 {Precision: White = 37%, Black = 47%.} 0-1

[Event "Kurnosov Memorial Rapid 2018"]
[Site "Chelyabinsk"]
[Date "2018.09.09"]
[Round "11"]
[White "Yuffa, Daniil"]
[Black "Oparin, Grigoriy"]
[Result "1/2-1/2"]
[WhiteElo "2563"]
[BlackElo "2665"]
[Annotator "TA"]
[PlyCount "82"]
[EventDate "2018.09.07"]
[EventType "swiss"]
[EventCountry "RUS"]
[SourceTitle "playchess.com"]
[Source "ChessBase"]
[SourceQuality "1"]

{[%evp 23,82,4,22,14,14,14,15,12,27,18,25,25,23,23,22,15,23,21,29,13,28,19,17,6,20,20,41,23,21,8,25,0,18,-43,0,0,17,0,0,0,0,0,0,0,0,-13,0,0,0,-9,-9,-15,-14,-18,0,0,0,0,0,0,0]} 1. d4 Nf6 2. c4 e6 3. g3 d5 4. Bg2 Bb4+ 5. Bd2 Be7 6. Nf3 O-O 7. O-O c6 8. Bf4 dxc4 {E11: Damenindisch (Bogoljubow-Variante)} 9. Ne5 Nd5 10. Nxc4 Nxf4 11. gxf4 Nd7 {[%cal Bb8d7,Bd7b6,Bb6d5][%mdl 32]} 12. e3 Nb6 {LiveBook: 5 Partien} 13. Ne5 Nd5 (13... f6 14. Nd3 Nd5 15. Nc3 b6 16. Qb3 {½-½ (30) Dubov,D (2660)-Karjakin,S (2785) Doha 2016}) 14. Nd2 $146 ({Vorgänger:} 14. Nc3 f6 15. Nd3 Qd7 16. Rc1 {½-½ (52) Hof,E (2408)-Fedorov,S (2432) ICCF email 2015}) 14... f6 15. Nd3 Bd7 16. Rc1 Rc8 17. Nc5 b6 18. Nxd7 Qxd7 19. Qb3 Kh8 {[%cal Bg8h8,Bh8g7,Bg7f7][%mdl 32]} 20. Rfd1 Bd6 21. Rc2 Rc7 22. Ne4 Rfc8 23. Rdc1 g6 24. a3 Kg7 25. Rc4 Be7 26. Qd1 h6 27. b4 f5 28. Ng3 (28. Nd2 $11) 28... Kf7 29. Qb3 {Die Stellung ist ausgeglichen.} c5 (29... b5 {is more complex.} 30. R4c2 Qd6 31. Rc5 Qd7 32. R5c2) 30. bxc5 bxc5 31. dxc5 Rxc5 32. Rxc5 Rxc5 33. Rxc5 Bxc5 34. Ne2 g5 35. fxg5 hxg5 36. a4 (36. Ng3 {feels hotter.} Ne7 37. Qc3 Qd1+ 38. Bf1 Bd6 39. Qh8) 36... Nf6 37. Qb7 (37. h3 {seems wilder.} Qd2 38. Kf1 Nd7 39. Bf3 Qb4 40. Nd4) 37... Qxb7 38. Bxb7 e5 39. Kg2 Kg6 40. Ng3 f4 41. Ne4 Nxe4 {Precision: Weiß = 52%, Schwarz = 39%.} 1/2-1/2

[Event "Kurnosov Memorial Rapid 2018"]
[Site "Chelyabinsk"]
[Date "2018.09.09"]
[Round "11"]
[White "Demidov, Mikhail"]
[Black "Iljiushenok, Ilia"]
[Result "0-1"]
[WhiteElo "2514"]
[BlackElo "2572"]
[Annotator "TA"]
[PlyCount "138"]
[EventDate "2018.09.07"]
[EventType "swiss"]
[EventCountry "RUS"]
[SourceTitle "playchess.com"]
[Source "ChessBase"]
[SourceQuality "1"]

{[%evp 22,138,20,-7,20,18,80,67,92,97,89,72,58,66,68,67,67,51,51,50,87,109,105,96,107,76,95,82,95,36,53,52,58,60,75,66,89,70,100,104,98,87,94,99,94,66,68,66,99,89,145,143,144,123,183,132,142,112,104,118,105,112,180,177,186,172,320,306,299,287,272,-174,-174,-172,-170,-166,-160,-234,-214,-222,-170,-202,-144,-588,-333,-471,-318,-304,-284,-249,-204,-266,-265,-319,-319,-472,-481,-462,-452,-613,-608,-600,-571,-570,-570,-538,-510,-724,-635,-1018,-977,-955,-903,-29976,-29977,-29973,-29978,-29976,-29978]} 1. Nf3 Nf6 2. g3 g6 3. b3 Bg7 4. Bb2 O-O 5. Bg2 d6 {[%cal Bd7d6,Bd6d5][%mdl 32]} 6. d4 c5 7. O-O cxd4 8. Nxd4 d5 9. c4 e5 {A49: 1 d4 Nf6 2 Nf3 g6 3 g3: Anti-King's Indian systems} 10. Nf3 e4 11. Nd4 {[%cal Bf3d4,Bd4f5,Bf5e7][%mdl 32]} dxc4 12. Na3 {LiveBook: 3 Games} c3 (12... cxb3 13. axb3 Nc6 14. Nxc6 bxc6 15. Nc4 Qxd1 16. Rfxd1 Be6 17. Na5 {½-½ (56) Meier,G (2638)-Baklan,V (2596) Linares 2018}) 13. Bxc3 e3 $146 (13... Nd5 $11 {keeps the balance.} 14. Bb2 Re8) ({Predecessor:} 13... Nd5 14. Bb2 e3 15. Nc4 exf2+ 16. Rxf2 Nb6 17. Qd3 Nxc4 18. Qxc4 {1-0 (37) Harutjunyan,G (2454)-Weinzettl,E (2279) Innsbruck 2017}) 14. fxe3 $16 Nd5 15. Bxd5 Qxd5 16. Nf5 Qxd1 17. Ne7+ Kh8 18. Bxg7+ ({Much worse is} 18. Raxd1 Bxc3 19. Nxc8 Rxc8 $17) 18... Kxg7 19. Rfxd1 Bg4 20. Kf2 Re8 21. Nd5 $1 {[%cal Rd5c7]} Na6 22. Rd4 h5 23. Rc1 Rad8 24. Nb5 Re5 25. Nbc3 ({Better is} 25. Ndc3 $16 Rd7 26. Rcd1 (26. Nxa7 Rc7 $14)) 25... Nc5 26. Nf4 Rde8 27. Rd5 g5 28. Rxe5 Rxe5 29. h3 Bd7 30. Nxh5+ Kg6 31. g4 f5 32. Rd1 fxg4 33. hxg4 (33. Ng3 {with more complications.} Be6 34. hxg4 Nd7 35. Nge4 Bxg4 36. Nd6) 33... Bxg4 34. Ng3 Re6 35. e4 a5 (35... Rf6+ $142 36. Ke3 Rc6) 36. Ke3 b6 37. Rd8 Kg7 (37... Kf7 $16) 38. Nb5 ({White should play} 38. Nd1 $18 Rh6 39. Nf2) 38... Rh6 39. Nd4 Rh3 40. Kf2 Rh2+ 41. Kg1 Rh3 {[#]} (41... Rh8 $16 42. Rd6 Re8) 42. Kg2 $1 $18 Kf7 43. Nf3 Ne6 (43... Rh6 $142 44. Nxg5+ (44. Ne5+ Ke7 $16) 44... Ke7) 44. Ne5+ Ke7 {Threatens to win with ...Nf4+.} 45. Rd7+ Ke8 {[#] Hoping for ...Nf4+.} 46. Nxg4 $4 {[%mdl 8192]} (46. e3 $1 $18) 46... Nf4+ $19 47. Kf2 Kxd7 {[%mdl 4096] Endgame KRN-KNN} 48. Ne5+ Kc7 49. e3 (49. Nc4 $17) 49... Ne6 50. Ng4 Rh8 51. e5 b5 52. e4 $2 {[%mdl 8192]} (52. Kf3 $17 {is more resistant.}) 52... Rd8 53. Ke3 (53. Ke2 $142) 53... Nf4 {White must now prevent ...Rd3+.} 54. Nf2 a4 55. Nf5 Ne6 56. Nd6 Kb6 57. Ng4 Rh8 58. bxa4 (58. Nf2 {was forced.}) 58... Rh3+ 59. Kd2 bxa4 60. Ne3 Rh2+ 61. Kc3 Rxa2 62. Kb4 Kc6 63. Ndc4 Nd4 64. Na5+ Kd7 65. Kc4 Nc6 66. Nb7 Ke6 67. Kb5 Rb2+ {Black mates.} 68. Kxc6 {[#]} Rxb7 $1 {[%mdl 512]} 69. Kxb7 a3 {Precision: White = 49%, Black = 50%.} 0-1

[Event "Kurnosov Memorial Rapid 2018"]
[Site "Chelyabinsk"]
[Date "2018.09.09"]
[Round "11"]
[White "Bezgodov, Alexei"]
[Black "Andreikin, Dmitry"]
[Result "0-1"]
[WhiteElo "2455"]
[BlackElo "2731"]
[Annotator "TA"]
[PlyCount "76"]
[EventDate "2018.09.07"]
[EventType "swiss"]
[EventCountry "RUS"]
[SourceTitle "playchess.com"]
[Source "ChessBase"]
[SourceQuality "1"]

{[%evp 33,76,-8,-5,-23,-20,-47,-39,-48,-39,-31,-45,-39,-9,-58,-52,-114,-103,-109,-105,-124,-107,-104,-14,-22,-15,-19,-26,-33,-41,-33,-26,-43,-26,-26,0,-394,-405,-404,-394,-773,-772,-749,-753,-914,-907]} 1. e4 c5 2. Nf3 e6 3. d4 cxd4 4. Nxd4 Nc6 5. Nc3 a6 6. Be2 Qc7 7. O-O Nf6 8. Be3 Be7 9. f4 d6 10. Qe1 O-O 11. Qg3 Nxd4 12. Bxd4 b5 13. a3 Bb7 14. Rae1 Rad8 15. Kh1 Bc6 16. Bd3 {B85: Sicilian Scheveningen: 6 Be2 a6, lines with early Be3} (16. Bf3 Ne8 17. Qf2 Rc8 18. Rd1 Bf6 19. Rfe1 Bxd4 20. Qxd4 Rd8 21. e5 Bxf3 22. gxf3 d5 23. f5 Qc4 {1-0 (62) Kravtsiv,M (2672)-Harikrishna,P (2744) Riadh 2017}) 16... Qd7 17. Qh3 e5 {LiveBook: 3 Games} 18. Qxd7 $146 {The position is equal.} ({Predecessor:} 18. fxe5 dxe5 19. Bxe5 Qxh3 20. gxh3 Rfe8 21. Bg3 {½-½ (32) Tokhirjonova,G (2329)-Ushenina,A (2416) Riadh 2017}) 18... Nxd7 19. Nd5 Bxd5 20. exd5 Bh4 21. Bf2 Bxf2 22. Rxf2 g6 23. g3 Rc8 24. b4 (24. fxe5 $15 Nxe5 25. Bf1) 24... Rc3 25. Ra1 f5 {And now ...e4 would win.} 26. a4 e4 27. Bf1 e3 (27... Nb6 $17 28. axb5 axb5) 28. Rg2 $11 Nf6 $36 {[%mdl 2048] Black fights for an advantage.} 29. axb5 axb5 30. Bxb5 Nxd5 31. Rd1 Nxb4 32. Rxd6 Nxc2 33. Re2 Rb8 34. Ba4 $2 {[%mdl 8192] [#]} (34. Rc6 $11 Rxc6 35. Bxc6) 34... Rb1+ $19 35. Kg2 Ne1+ 36. Kh3 $2 (36. Kf1 Nf3+ 37. Rd1 Rxd1+ 38. Bxd1) 36... Nf3 {Black is clearly winning.} 37. Kg2 {[#]} Ng1 $1 {[%cal Rg1e2]} 38. Ra2 e2 {Precision: White = 47%, Black = 68%.} 0-1